| 000 | 01476cam a2200373 i 4500 | ||
|---|---|---|---|
| 001 | 25638 | ||
| 003 | Mx-PuUPA | ||
| 005 | 20260227095057.0 | ||
| 008 | 140415s2009 sp gr 001 0 spa d | ||
| 017 | _aB-36.179-2009 | ||
| 020 | _a9788425415432 | ||
| 040 |
_cMx-PuUPA _aMx-PuUPA _bspa _dMx-PuUPA _erda |
||
| 041 | 1 |
_aspa _hger |
|
| 043 | _ae-ur--- | ||
| 100 | 1 |
_aGoricheva, Tatiana, _d1947- _eautor _917866 |
|
| 240 | 1 |
_aVon Gott zu reden ist gefährlich. _lEspañol |
|
| 245 | 1 | 0 |
_aHablar de Dios resulta peligroso : _bmis experiencias en Rusia y en Occidente / _cTatiana Góricheva ; traducción, Claudio Gancho |
| 250 | _a3a. edición | ||
| 264 | 1 |
_aBarcelona, España : _bHerder Editorial, _c[2009?] _c©1986 |
|
| 300 |
_a142 páginas ; _c20 cm |
||
| 336 |
_2rdacontent _atexto _btxt |
||
| 337 |
_2rdamedia _asin medio _bn |
||
| 338 |
_2rdacarrier _avolumen _bnc |
||
| 500 | _aReimpresiones: (2a. reimpresión). | ||
| 600 | 4 |
_aGoricheva, Tatiana _xBiografía |
|
| 650 | 7 |
_2armarc _913986 _aIglesia Ortodoxa oriental _zUnión Soviética _xHistoria _ySiglo XX |
|
| 650 | 7 |
_2armarc _aRefugiados políticos _zUnión Soviética |
|
| 650 | 7 |
_2armarc _aFeminismo _zUnión Soviética _xHistoria _ySiglo XX |
|
| 700 | 1 |
_aGancho, Claudio, _etraductor |
|
| 765 |
_aGoricheva, Tatiana _tVon Gott zu reden ist gefährlich _dFriburgo de Brisgovia : Verlag Herder, ©1984 |
||
| 942 |
_2ddc _cLI _h281.947 _iG6618 |
||
| 999 |
_c25638 _d25638 |
||